| 000 | 00410nam a2200181Ia 4500 | ||
|---|---|---|---|
| 005 | 20240823032129.0 | ||
| 008 | 240823s9999||||xx |||||||||||||| ||und|| | ||
| 041 | _aENGLISH | ||
| 082 | _A150 P8 | ||
| 100 | _aAbraham | ||
| 245 | 0 | _aIntru Muthal Puthiya Vazhkai | |
| 250 | _a1st | ||
| 260 |
_c2008 _b"Narmata,Chennai" |
||
| 500 | _aYES | ||
| 650 |
_aTamil Book _bGeneral |
||
| 942 | _cBK | ||
| 999 |
_c192721 _d192721 |
||